00940nam a22001697a 450000500170000000800410001705000310005810000240008924501540011326000340026730000190030150000410032065002060036194200130056799900190058095201710059920250808115232.0250808b |||||||| |||| 00| 0 eng d aTHE HG 4026 .A24 2025bC.1 aAgembe, Akali James aCapital Structure, Corporate Governance, and Financial Performance of Nonfinancial Real Sector Firms Listed at the Nairobi Securities Exchange, Kenya aKisiibKisii Universityc2025 axv, 236p.:ill. aIncludes bibliographical references. a1. Corporations—Finance—Kenya. 2. Capital structure—Kenya. 3. Corporate governance—Kenya. 4. Financial performance—Kenya. 5. Nonfinancial corporations—Kenya. 6. Nairobi Securities Exchange. 2lcccREF c216005d216005 00102lcc406THE H G4026 A24 02025708SC9372797aKSULbKSULd2025-08-08i109428l0oTHE HG 4026 .A24 2025p000000024321r2025-08-08 11:53:00tC.1w2025-08-08yREF